000 00469nam a2200145Ia 4500
008 231129s2009||||xx |||||||||||||| ||spa||
020 _a978-958-98116-6-5
040 _bspa
082 _a370.7 G983p
100 _aGutiérrez Giraldo Martha
245 0 _aLos proyectos de aula: Una estrategia pedagógica para la educación
260 _c2009
264 _aPereira Colombia : Universidad Tecnológica de Pereira
942 _2ddc
_cBKS
999 _c19997
_d19997